=LDR 00000nam 2200000 4500 =001 INLIS000000000032389 =005 20130612134410 =008 ***********************************ind** =035 ##$$0010-061300000032389 =041 ##$$a ind =082 ##$$a 2X4.003 =090 ##$$a R.2X4.003, Ala e.II =100 ##$$a AL - AWAISYAH, Sy Husain bin Audah =245 ##$$a Ensikloppedi fiqih praktis menurut al-qur'an dan as-sunnah 2 kitab, Zakat, puasa, jenazah dan haji, Sy. Husain bin Audah Al - awaisyah ; Penerjemah, Abu Ihsan Al - Atsari, Yunus, S.Ag, Zulfan, ST =260 ##$$a 2009 $b Jakarta =300 ##$$a xxxix, 766 hlm, illus, 30 cm =650 ##$$a Hadis Islam dan Fiqih Islam - Ensiklopedi =710 ##$$a Zulfan =850 ##$$a NBPNMAT